MARC

LEADER 00000nam0a2200000 4500
001 280110
005 20231101235256.0
035 |a (RuTPU)RU\TPU\book\303419 
090 |a 280110 
100 |a 20141225d1986 km y0rusy50 ca 
101 0 |a rus 
102 |a RU 
105 |a a z 001zy 
200 1 |a Передача информации в совмещенной полосе частот  |f Ю. Б. Зубарев, Л. А. Севальнев 
210 |a Москва  |c Радио и связь  |d 1986 
215 |a 168 с.  |c ил. 
320 |a Библиогр.: с. 162-165 
606 1 |a Телесигналы  |x Передача  |2 stltpush  |3 (RuTPU)RU\TPU\subj\59285  |9 76849 
610 1 |a информация 
610 1 |a цифровые методы 
610 1 |a синхронизация 
610 1 |a уплотнения 
610 1 |a импульсы 
675 |a 621.397.2  |v 4 
700 1 |a Зубарев  |b Ю. Б.  |g Юрий Борисович 
701 1 |a Севальнев  |b Л. А.  |g Лев Александрович 
801 1 |a RU  |b 63413507  |c 20141225 
801 2 |a RU  |b 63413507  |c 20170426  |g RCR 
942 |c BK